000 00925nam a22002417a 4500
005 20250401144058.0
008 250401b |||||||| |||| 00| 0 eng d
020 _a978-81-7143-640-8(hbk)
037 _cTB
040 _aAL
_cAL
041 _2Pun
_aPun
084 _aQ8441:21:g 153Q6
_qAL
100 _aਕੰਗ, ਗੁਲਜ਼ਾਰ ਸਿੰਘ
245 _aਗੁਰਮਤਿ:
_bਚਿੰਤਨ-ਚੇਤਨਾ
260 _aਅਮ੍ਰਿਤਸਰ, ਭਾਰਤ:
_bਰਵਿ ਸਹਿਤਯ ਪ੍ਰਕਾਸ਼ਨ,
_c2016.
300 _a176 p.
365 _b250.00
_cINR
650 _aਧਰਮ
650 _aਗੁਰਮਤਿ
650 _aਸਿੱਖ ਧਰਮ
_9156314
942 _2CC
_cTB
_hQ8441:21:g 153Q6
_n0
999 _c1308341
_d1308341